00456pab a2200145 454500008003600000100001400036245004200050650002000092650002200112650002700134773002000161909001000181999001700191952010200208180718b xxu||||| |||| 00| 0 eng d aSahoy, S. aThe Attorney - General - what a fall? a Ramaswamay, G. a Attorney General aJustice Administration aHindustan Times a23465 c23465d23465 00104070aIIPAbIIPAd2018-07-19hIssue no: 5 Oct.92, p.13pAR23534r2018-07-19w2018-07-19yAR